[Event "RUS-chT U20"]
[Site "Kolomna"]
[Date "2014.08.09"]
[Round "8"]
[White "Pleshakov, Anton"]
[Black "Mukhina, Jana"]
[Result "0-1"]
[WhiteElo "2135"]
[BlackElo "1877"]
[PlyCount "40"]
[EventDate "2014.08.02"]
[EventType "swiss"]
[EventRounds "9"]
[EventCountry "RUS"]
[SourceTitle "EXT 2016"]
[Source "ChessBase"]
[SourceDate "2015.10.08"]
[SourceVersion "1"]
[SourceVersionDate "2015.10.08"]
[SourceQuality "1"]

1. e4 e5 2. f4 d5 3. exd5 exf4 4. Nf3 Nf6 5. Bb5+ c6 6. dxc6 Nxc6 7. d4 Bd6 8. Qe2+ Be6 9. Ng5 0-0 10. Nxe6 fxe6 11. Bxc6 bxc6 12. Qxe6+ Kh8 13. 0-0 Bc5 14. Rd1 Bxd4+ 15. Kf1 Qb6 16. Qb3 Qc5 17. Qf3 Bg1 18. Nc3 Ng4 19. Ne4 Nxh2+ 20. Ke2 Rae8 0-1

[Event "RUS-chT U20"]
[Site "Kolomna"]
[Date "2014.08.08"]
[Round "7"]
[White "Gaifullin, Artur"]
[Black "Pleshakov, Anton"]
[Result "1/2-1/2"]
[WhiteElo "2177"]
[BlackElo "2135"]
[PlyCount "96"]
[EventDate "2014.08.02"]
[EventType "swiss"]
[EventRounds "9"]
[EventCountry "RUS"]
[SourceTitle "EXT 2016"]
[Source "ChessBase"]
[SourceDate "2015.10.08"]
[SourceVersion "1"]
[SourceVersionDate "2015.10.08"]
[SourceQuality "1"]

1. d4 d5 2. c4 c6 3. Nf3 e6 4. e3 Nf6 5. Bd3 Nbd7 6. 0-0 Bd6 7. Nbd2 e5 8. cxd5 cxd5 9. dxe5 Nxe5 10. Nxe5 Bxe5 11. Nf3 Bd6 12. Bb5+ Bd7 13. Bxd7+ Qxd7 14. b3 0-0 15. Bb2 Be7 16. Qd3 Ne4 17. Rfd1 Rfd8 18. Rac1 Rac8 19. g3 Qf5 20. Qe2 Bf6 21. Nd4 Bxd4 22. Bxd4 h5 23. f4 a6 24. a4 Rd6 25. Rxc8+ Qxc8 26. Be5 Rd8 27. Kg2 Qc6 28. Kg1 Qb6 29. Rc1 Qxb3 30. Bd4 Qb4 31. Rc7 Qa5 32. Rc1 b5 33. axb5 axb5 34. Rc2 g6 35. f5 b4 36. fxg6 fxg6 37. Rc6 Rd6 38. Qc2 b3 39. Rc8+ Kf7 40. Qc1 Nf6 41. Rc7+ Rd7 42. Rc6 Ne4 43. Qf1+ Ke8 44. Ra6 Qb4 45. Ra8+ Rd8 46. Ra7 Rd7 47. Ra8+ Rd8 48. Ra7 Rd7 1/2-1/2

[Event "RUS-chT U20"]
[Site "Kolomna"]
[Date "2014.08.05"]
[Round "4"]
[White "Pleshakov, Anton"]
[Black "Makalkin, Andrey"]
[Result "1-0"]
[WhiteElo "2135"]
[BlackElo "1840"]
[PlyCount "137"]
[EventDate "2014.08.02"]
[EventType "swiss"]
[EventRounds "9"]
[EventCountry "RUS"]
[SourceTitle "EXT 2016"]
[Source "ChessBase"]
[SourceDate "2015.10.08"]
[SourceVersion "1"]
[SourceVersionDate "2015.10.08"]
[SourceQuality "1"]

1. e4 e5 2. f4 exf4 3. Nf3 d5 4. e5 g5 5. d4 g4 6. Bxf4 gxf3 7. Qxf3 Be6 8. Bd3 Nc6 9. c3 Qh4+ 10. g3 Qg4 11. Qe3 0-0-0 12. Nd2 h5 13. Bg5 Bh6 14. h4 Bxg5 15. hxg5 h4 16. Be2 Qf5 17. gxh4 Bd7 18. 0-0-0 Nge7 19. Rdf1 Qh7 20. Rf6 Ng8 21. Rf4 Bf5 22. Qf2 Nge7 23. b4 a6 24. Kb2 Kb8 25. Nf1 Be6 26. Ng3 Ng6 27. Rf6 Nxh4 28. Rh6 Qg7 29. R1xh4 Rhg8 30. R4h5 Ne7 31. Qf3 Qf8 32. Rh7 Qe8 33. Bd3 Qd7 34. Qf6 Ng6 35. R5h6 Nf8 36. Rh8 Rxh8 37. Rxh8 Rc8 38. Nh5 a5 39. a3 axb4 40. axb4 Qa4 41. Qe7 Qd1 42. Bc2 Qe2 43. Rxf8 Qxh5 44. g6 fxg6 45. Rxc8+ Bxc8 46. Qe8 Qg4 47. Bxg6 Qe2+ 48. Bc2 Qg4 49. Qd8 Qe6 50. Bb3 c6 51. b5 Qd7 52. Qb6 Qc7 53. Qc5 Be6 54. Qf8+ Qc8 55. Qd6+ Ka7 56. Qa3+ Kb6 57. Qc5+ Kc7 58. b6+ Kd8 59. Qf8+ Kd7 60. Qd6+ Ke8 61. Bd1 Bf7 62. Kb3 Qd7 63. Qxd7+ Kxd7 64. Bg4+ Kd8 65. Kb4 Bg6 66. Kc5 Bd3 67. Kd6 Bg6 68. e6 Ke8 69. e7 1-0

[Event "RUS-chT U20"]
[Site "Kolomna"]
[Date "2014.08.03"]
[Round "2"]
[White "Shilyaev, Fedor"]
[Black "Pleshakov, Anton"]
[Result "1/2-1/2"]
[WhiteElo "2022"]
[BlackElo "2135"]
[PlyCount "126"]
[EventDate "2014.08.02"]
[EventType "swiss"]
[EventRounds "9"]
[EventCountry "RUS"]
[SourceTitle "EXT 2016"]
[Source "ChessBase"]
[SourceDate "2015.10.08"]
[SourceVersion "1"]
[SourceVersionDate "2015.10.08"]
[SourceQuality "1"]

1. e4 c5 2. Nf3 e6 3. d4 cxd4 4. Nxd4 Nc6 5. Nc3 Qc7 6. Ndb5 Qb8 7. Be3 a6 8. Bb6 axb5 9. Nxb5 Bb4+ 10. c3 Ba5 11. Nc7+ Qxc7 12. Bxc7 Bxc7 13. Qg4 g6 14. Bb5 Ra5 15. a4 Nf6 16. Qe2 b6 17. 0-0 Bb7 18. b4 Ra7 19. Qf3 Ke7 20. Qe3 Rha8 21. f4 d5 22. exd5 Nxd5 23. Qh3 h5 24. Rae1 Kf8 25. c4 Nde7 26. Rd1 Nb8 27. Qc3 Rxa4 28. Bxa4 Rxa4 29. Rd2 Nf5 30. Qf6 Ne3 31. Rd8+ Bxd8 32. Qxd8+ Kg7 33. Qd4+ Kh7 34. Qxe3 Rxb4 35. Qc3 Nc6 36. Rd1 e5 37. fxe5 Bc8 38. Rd6 Rb1+ 39. Kf2 Ne7 40. Rf6 Be6 41. Qc2 Rb4 42. Rxe6 fxe6 43. Qc3 Rb1 44. Qd2 Nf5 45. Qd7+ Ng7 46. h3 Rb4 47. Qc7 Kh6 48. g4 Rb2+ 49. Ke3 g5 50. Qe7 Rb3+ 51. Kd4 Rxh3 52. Qf6+ Kh7 53. Qxg5 Rg3 54. Qd8 Rxg4+ 55. Kc3 h4 56. Qxb6 Rg3+ 57. Kb4 h3 58. Qd4 Nf5 59. Qd7+ Ng7 60. Qd4 Nf5 61. Qd7+ Ng7 62. Qd4 Nf5 63. Qd7+ Ng7 1/2-1/2

[Event "Satka Summer op"]
[Site "Satka"]
[Date "2013.07.07"]
[Round "6"]
[White "Yanko, Ivan"]
[Black "Pleshakov, Anton"]
[Result "0-1"]
[WhiteElo "1641"]
[BlackElo "2071"]
[PlyCount "138"]
[EventDate "2013.07.02"]
[EventType "swiss"]
[EventRounds "9"]
[EventCountry "RUS"]
[SourceTitle "EXT 2014"]
[Source "ChessBase"]
[SourceDate "2013.11.20"]
[SourceVersion "1"]
[SourceVersionDate "2013.11.20"]
[SourceQuality "1"]

1. e4 c5 2. Nf3 e6 3. d4 cxd4 4. Nxd4 Nc6 5. Nc3 Qc7 6. Be2 a6 7. 0-0 Nf6 8. Be3 Bb4 9. f3 0-0 10. a3 Bxc3 11. bxc3 d6 12. Nxc6 Qxc6 13. c4 Nd7 14. Rb1 Nc5 15. Qd2 e5 16. Rfd1 Rd8 17. Qa5 Be6 18. Bxc5 Qxc5+ 19. Qxc5 dxc5 20. Rxd8+ Rxd8 21. Rxb7 Kf8 22. Rc7 Rc8 23. Ra7 Rc6 24. Kf2 g6 25. Ke3 Kg7 26. f4 Kf6 27. h4 exf4+ 28. Kxf4 h6 29. e5+ Kg7 30. Bf3 Rb6 31. Bd5 Kf8 32. Rc7 Rb2 33. Rxc5 Rxc2 34. Rc6 a5 35. Ke3 Ke7 36. Kd4 Bxd5 37. cxd5 Rxg2 38. Rc7+ Ke8 39. Kc5 g5 40. Kd6 Kf8 41. hxg5 hxg5 42. Rc8+ Kg7 43. Rc5 Re2 44. Rxa5 Kg6 45. Ra8 g4 46. Re8 Kg7 47. e6 f5 48. Re7+ Kg6 49. Re8 Kg7 50. Rb8 g3 51. Rb3 f4 52. Rb7+ Kg6 53. Rb8 g2 54. Rg8+ Kf6 55. e7 f3 56. Rg3 f2 57. Rf3+ Kg7 58. Rxf2 Rxf2 59. e8Q Rf6+ 60. Kc7 g1Q 61. Qe5 Qb6+ 62. Kd7 Kg8 63. Qe8+ Rf8 64. Qe6+ Qxe6+ 65. dxe6 Ra8 66. a4 Rxa4 67. e7 Rd4+ 68. Ke6 Re4+ 69. Kf6 Re1 0-1

[Event "Satka Summer op"]
[Site "Satka"]
[Date "2013.07.03"]
[Round "2"]
[White "Pleshakov, Anton"]
[Black "Litvinenko, Ekaterina"]
[Result "1-0"]
[WhiteElo "2071"]
[BlackElo "1933"]
[PlyCount "61"]
[EventDate "2013.07.02"]
[EventType "swiss"]
[EventRounds "9"]
[EventCountry "RUS"]
[SourceTitle "EXT 2014"]
[Source "ChessBase"]
[SourceDate "2013.11.20"]
[SourceVersion "1"]
[SourceVersionDate "2013.11.20"]
[SourceQuality "1"]

1. e4 e5 2. Nf3 Nc6 3. Bc4 Nf6 4. d3 Bc5 5. c3 d6 6. b4 Bb6 7. a4 a6 8. Qb3 Qe7 9. Nbd2 Nh5 10. 0-0 Nf4 11. Re1 g5 12. Nf1 Bg4 13. a5 Bxf3 14. gxf3 Nh3+ 15. Kg2 Bxf2 16. Re2 g4 17. fxg4 Qh4 18. Bxf7+ Kd8 19. Be6 Rf8 20. Raa2 Ne7 21. g5 Ba7 22. Bxh3 Rxf1 23. Qe6 Rg1+ 24. Kf3 Qh5+ 25. Bg4 Rf1+ 26. Rf2 Rxf2+ 27. Rxf2 Qe8 28. g6 hxg6 29. Rf1 Qb5 30. Ke2 Ke8 31. Bg5 1-0

[Event "Satka Summer op"]
[Site "Satka"]
[Date "2013.07.02"]
[Round "1"]
[White "Leolko, Ljudmila"]
[Black "Pleshakov, Anton"]
[Result "0-1"]
[WhiteElo "1792"]
[BlackElo "2071"]
[PlyCount "76"]
[EventDate "2013.07.02"]
[EventType "swiss"]
[EventRounds "9"]
[EventCountry "RUS"]
[SourceTitle "EXT 2014"]
[Source "ChessBase"]
[SourceDate "2013.11.20"]
[SourceVersion "1"]
[SourceVersionDate "2013.11.20"]
[SourceQuality "1"]

1. e4 c5 2. Nf3 e6 3. d4 cxd4 4. Nxd4 Nc6 5. c4 Qc7 6. Be3 a6 7. Nc3 Nf6 8. Be2 Bb4 9. f3 0-0 10. Nc2 Bxc3+ 11. bxc3 Qa5 12. Qd2 d5 13. exd5 exd5 14. c5 Bf5 15. 0-0 Rfe8 16. Nd4 Bg6 17. Nb3 Qa4 18. g4 Nd7 19. Rfc1 Nde5 20. Nd4 h5 21. h3 Na5 22. Bf2 Nac4 23. Qg5 hxg4 24. hxg4 f6 25. Qh4 Bd3 26. Bxd3 Nxd3 27. Rcb1 Qd7 28. a4 Nxc5 29. Kg2 Nd3 30. Rh1 Nf4+ 31. Kg1 Ne5 32. Ra2 Qc7 33. Rc2 b5 34. Bg3 Neg6 35. Qh7+ Kf7 36. Nf5 Qc5+ 37. Kh2 Rh8 38. Nh6+ Kf8 0-1

[Event "Cheliabinsk Kibizov Memorial 8th"]
[Site "Cheliabinsk"]
[Date "2013.06.24"]
[Round "3"]
[White "Pleshakov, Anton"]
[Black "Galyamov, Danil"]
[Result "1-0"]
[WhiteElo "2071"]
[BlackElo "1801"]
[PlyCount "75"]
[EventDate "2013.06.22"]
[EventType "swiss"]
[EventRounds "9"]
[EventCountry "RUS"]
[SourceTitle "EXT 2014"]
[Source "ChessBase"]
[SourceDate "2013.11.20"]
[SourceVersion "1"]
[SourceVersionDate "2013.11.20"]
[SourceQuality "1"]

1. e4 e6 2. d4 d5 3. e5 c5 4. c3 Nc6 5. Nf3 Bd7 6. Be3 cxd4 7. cxd4 Qb6 8. Qb3 Qxb3 9. axb3 f6 10. Nc3 Bb4 11. Bd3 Nge7 12. Ke2 a6 13. h4 Ba5 14. h5 f5 15. h6 g6 16. Na4 Nc8 17. Nc5 Rb8 18. Bg5 Bd8 19. Bxd8 Kxd8 20. Rhc1 Ke7 21. Ke3 N8a7 22. Be2 a5 23. Nd3 b6 24. Ng5 Nb5 25. Ra4 Nba7 26. Nf4 Nb4 27. Raa1 Rbc8 28. Rxc8 Bxc8 29. Rc1 Nac6 30. Bb5 Bd7 31. Bxc6 Nxc6 32. Ngxe6 Rc8 33. Ng5 Nxe5 34. Nxd5+ Kd6 35. dxe5+ Kxd5 36. Rxc8 Bxc8 37. f4 Kc5 38. Nxh7 1-0

[Event "Cheliabinsk Kibizov Memorial 8th"]
[Site "Cheliabinsk"]
[Date "2013.06.22"]
[Round "1"]
[White "Pleshakov, Anton"]
[Black "Terentiev, Alexey"]
[Result "0-1"]
[WhiteElo "2071"]
[BlackElo "1699"]
[PlyCount "58"]
[EventDate "2013.06.22"]
[EventType "swiss"]
[EventRounds "9"]
[EventCountry "RUS"]
[SourceTitle "EXT 2014"]
[Source "ChessBase"]
[SourceDate "2013.11.20"]
[SourceVersion "1"]
[SourceVersionDate "2013.11.20"]
[SourceQuality "1"]

1. e4 c5 2. Nf3 e6 3. d4 cxd4 4. Nxd4 a6 5. c4 Nf6 6. Nc3 Bb4 7. Bd3 Nc6 8. Be3 Qc7 9. 0-0 Bxc3 10. bxc3 0-0 11. f4 d6 12. Kh1 Bd7 13. Nb3 Rad8 14. g4 d5 15. e5 Ne4 16. Qe1 Na5 17. cxd5 exd5 18. Bxe4 dxe4 19. Nxa5 Qxa5 20. Rg1 Bc6 21. Rg3 Rd3 22. Bd4 e3+ 23. Kg1 Qd5 24. Kf1 Qh1+ 25. Ke2 Rd2+ 26. Kxe3 Qxh2 27. Qxd2 Qxg3+ 28. Ke2 Qf3+ 29. Ke1 Qh1+ 0-1

[Event "SRB Central-ch op-B 5th"]
[Site "Paracin"]
[Date "2012.07.06"]
[Round "1"]
[White "Pleshakov, Anton"]
[Black "Hrescak, Ivana"]
[Result "1-0"]
[WhiteElo "2074"]
[BlackElo "1686"]
[PlyCount "55"]
[EventDate "2012.07.06"]
[EventType "swiss"]
[EventRounds "9"]
[EventCountry "SRB"]
[SourceTitle "CBM 149 Extra"]
[Source "ChessBase"]
[SourceDate "2012.08.24"]
[SourceVersion "1"]
[SourceVersionDate "2012.08.24"]
[SourceQuality "1"]

1. e4 d5 2. exd5 Qxd5 3. d4 Nf6 4. Nc3 Qd6 5. h3 c6 6. Nf3 Bf5 7. Bd3 Bg6 8. 0-0 e6 9. Ne2 Qc7 10. c4 Nbd7 11. Re1 Be7 12. Nc3 0-0 13. Bxg6 hxg6 14. d5 cxd5 15. cxd5 e5 16. Be3 a6 17. Rc1 Qd6 18. a3 Rac8 19. b4 Rfe8 20. Qb3 b6 21. Red1 Qb8 22. Na4 Qb7 23. Rxc8 Rxc8 24. d6 Bf8 25. Ng5 Nb8 26. d7 Nbxd7 27. Qxf7+ Kh8 28. Nxb6 1-0

[Event "Cheliabinsk Region-ch"]
[Site "Cheliabinsk"]
[Date "2012.02.22"]
[Round "5"]
[White "Pleshakov, Anton"]
[Black "Tretjachenko, Leonid"]
[Result "1-0"]
[WhiteElo "2096"]
[BlackElo "1900"]
[PlyCount "67"]
[EventDate "2012.02.18"]
[EventType "swiss"]
[EventRounds "9"]
[EventCountry "RUS"]
[SourceTitle "EXT 2014"]
[Source "ChessBase"]
[SourceDate "2013.11.20"]
[SourceVersion "1"]
[SourceVersionDate "2013.11.20"]
[SourceQuality "1"]

1. e4 c5 2. Nf3 d6 3. d4 cxd4 4. Qxd4 Nc6 5. Bb5 Bd7 6. Bxc6 bxc6 7. c4 Nf6 8. e5 c5 9. Qd1 dxe5 10. Nxe5 Qc7 11. Nxd7 Nxd7 12. 0-0 e6 13. Nc3 a6 14. Qf3 Rd8 15. Bg5 f6 16. Bf4 Bd6 17. Bxd6 Qxd6 18. Rad1 Qe7 19. Qc6 0-0 20. Qxa6 Ne5 21. b3 Nd3 22. Qc6 Rd6 23. Qe4 Rd4 24. Qe3 Rfd8 25. Nb5 R4d7 26. Rd2 e5 27. Nc3 Nf4 28. Rfd1 Rd4 29. Nb5 Qe6 30. Nxd4 Rxd4 31. g3 Nh3+ 32. Kg2 Ng5 33. Rxd4 cxd4 34. Qe2 1-0

[Event "Cheliabinsk Region-ch"]
[Site "Cheliabinsk"]
[Date "2012.02.20"]
[Round "3"]
[White "Pleshakov, Anton"]
[Black "Kaliev, Konstantin Arkadiev"]
[Result "1-0"]
[WhiteElo "2096"]
[BlackElo "1925"]
[PlyCount "55"]
[EventDate "2012.02.18"]
[EventType "swiss"]
[EventRounds "9"]
[EventCountry "RUS"]
[SourceTitle "EXT 2014"]
[Source "ChessBase"]
[SourceDate "2013.11.20"]
[SourceVersion "1"]
[SourceVersionDate "2013.11.20"]
[SourceQuality "1"]

1. e4 c6 2. d4 d5 3. e5 Bf5 4. g4 Bg6 5. Nh3 e6 6. Nf4 Qh4 7. Ng2 Qd8 8. h4 h5 9. Nf4 Ne7 10. g5 Nf5 11. Bd3 c5 12. c3 Qb6 13. dxc5 Bxc5 14. Qe2 Nc6 15. Nd2 Qc7 16. Nf3 d4 17. Nxg6 fxg6 18. Bxf5 exf5 19. Qc4 Ne7 20. cxd4 Qc6 21. Rh3 Qe4+ 22. Qe2 Bb4+ 23. Kf1 0-0 24. Qc4+ Nd5 25. Bd2 Rac8 26. Qb3 Kh7 27. Bxb4 Nf4 28. Re1 1-0

[Event "UrFO-ch op"]
[Site "Cheliabinsk"]
[Date "2011.03.26"]
[Round "8"]
[White "Kholopov, Alexander A"]
[Black "Pleshakov, Anton"]
[Result "1-0"]
[WhiteElo "2292"]
[BlackElo "2094"]
[PlyCount "83"]
[EventDate "2011.03.19"]
[EventType "swiss"]
[EventRounds "9"]
[EventCountry "RUS"]
[SourceTitle "EXT 2012"]
[Source "ChessBase"]
[SourceDate "2011.11.24"]
[SourceVersion "1"]
[SourceVersionDate "2011.11.24"]
[SourceQuality "1"]

1. Nf3 Nf6 2. c4 e6 3. g3 d5 4. d4 c6 5. Bg2 Be7 6. 0-0 0-0 7. Qc2 Ne4 8. Nbd2 f5 9. b3 Bf6 10. Bb2 Na6 11. Rac1 Bd7 12. Ba3 Rf7 13. Nxe4 fxe4 14. Ne5 Bxe5 15. dxe5 Rc8 16. Rcd1 Nc7 17. f3 exf3 18. exf3 Ne8 19. Bc5 g6 20. f4 Ng7 21. g4 b6 22. Bd6 Qh4 23. h3 Qh6 24. Qf2 Ne8 25. Ba3 Nc7 26. Qe3 Rd8 27. Rf2 Bc8 28. Qg3 Qg7 29. Qh4 Rdd7 30. cxd5 cxd5 31. Rc1 Bb7 32. f5 exf5 33. Rxc7 Rxc7 34. Qd8+ Rf8 35. Bxd5+ Bxd5 36. Qxd5+ Kh8 37. e6 Rfc8 38. Bb2 Rc3 39. Qd7 Rg3+ 40. Kh2 Rcc3 41. Qd8+ Qg8 42. e7 1-0

[Event "UrFO-ch op"]
[Site "Cheliabinsk"]
[Date "2011.03.24"]
[Round "7"]
[White "Pleshakov, Anton"]
[Black "Belyakov, Bogdan"]
[Result "1/2-1/2"]
[WhiteElo "2094"]
[BlackElo "2301"]
[PlyCount "65"]
[EventDate "2011.03.19"]
[EventType "swiss"]
[EventRounds "9"]
[EventCountry "RUS"]
[SourceTitle "EXT 2012"]
[Source "ChessBase"]
[SourceDate "2011.11.24"]
[SourceVersion "1"]
[SourceVersionDate "2011.11.24"]
[SourceQuality "1"]

1. e4 c5 2. Nf3 e6 3. d4 cxd4 4. Nxd4 Bc5 5. Nb3 Bb6 6. Nc3 Ne7 7. Be2 0-0 8. 0-0 f5 9. Bg5 fxe4 10. Nxe4 d5 11. Ng3 Nbc6 12. c4 h6 13. cxd5 exd5 14. Bxe7 Nxe7 15. Bf3 Qd6 16. Qe2 Ng6 17. Rad1 Nf4 18. Qd2 Nh3+ 19. Kh1 Kh8 20. Nh5 Qg6 21. Ng3 Bg4 22. Bxg4 Nxf2+ 23. Rxf2 Rxf2 24. Be2 Bc7 25. Qe3 Raf8 26. Nd4 Bb6 27. Bf3 Bxd4 28. Qxd4 R8xf3 29. gxf3 Qc2 30. Nf1 Qe2 31. Kg1 Rg2+ 32. Kh1 Rf2 33. Kg1 1/2-1/2

[Event "Cheliabinsk-ch"]
[Site "Cheliabinsk"]
[Date "2011.01.26"]
[Round "9"]
[White "Matsenko, Vadim"]
[Black "Pleshakov, Anton"]
[Result "1-0"]
[WhiteElo "2134"]
[BlackElo "2054"]
[PlyCount "102"]
[EventDate "2011.01.13"]
[EventType "swiss"]
[EventRounds "9"]
[EventCountry "RUS"]
[SourceTitle "EXT 2012"]
[Source "ChessBase"]
[SourceDate "2011.11.24"]
[SourceVersion "1"]
[SourceVersionDate "2011.11.24"]
[SourceQuality "1"]

1. e4 c5 2. Nf3 e6 3. b3 Nc6 4. Bb2 d6 5. Bb5 Bd7 6. 0-0 Nf6 7. Re1 Be7 8. Bxc6 Bxc6 9. e5 dxe5 10. Nxe5 Qc7 11. Nxc6 Qxc6 12. Qe2 Rd8 13. Na3 0-0 14. Nc4 a6 15. d3 Nd5 16. Qf3 f6 17. Qe4 e5 18. Ne3 Nb4 19. Qc4+ Kh8 20. Nf5 Rfe8 21. f4 Qc8 22. Nxe7 Rxe7 23. fxe5 Rde8 24. d4 fxe5 25. Rxe5 Rxe5 26. dxe5 b5 27. Qc3 Nd5 28. Qf3 Nb4 29. a3 Nc6 30. Qd5 Ne7 31. Qf7 Nf5 32. Rf1 Rf8 33. Qd5 Ne3 34. Rxf8+ Qxf8 35. Qd3 Nf5 36. e6 h6 37. Qf3 Kg8 38. Be5 c4 39. b4 Ne7 40. Qxf8+ Kxf8 41. Kf2 Nd5 42. Kf3 g6 43. Ke4 Nb6 44. Bf6 Ke8 45. Kd4 c3 46. Kc5 Nc4 47. a4 Na3 48. axb5 axb5 49. Bxc3 Nxc2 50. Kxb5 Ke7 51. Kc6 Ne3 1-0

[Event "Cheliabinsk-ch"]
[Site "Cheliabinsk"]
[Date "2011.01.23"]
[Round "7"]
[White "Fesenko, Vitaly"]
[Black "Pleshakov, Anton"]
[Result "0-1"]
[WhiteElo "2219"]
[BlackElo "2054"]
[PlyCount "88"]
[EventDate "2011.01.13"]
[EventType "swiss"]
[EventRounds "9"]
[EventCountry "RUS"]
[SourceTitle "EXT 2012"]
[Source "ChessBase"]
[SourceDate "2011.11.24"]
[SourceVersion "1"]
[SourceVersionDate "2011.11.24"]
[SourceQuality "1"]

1. e4 c5 2. Nc3 Nc6 3. Nf3 e6 4. d4 cxd4 5. Nxd4 a6 6. Be3 Qc7 7. g3 Nf6 8. Bg2 Bb4 9. 0-0 Bxc3 10. bxc3 Ne5 11. Ne2 Nc4 12. Bf4 e5 13. Bg5 d6 14. Nc1 Be6 15. Nd3 a5 16. Bxf6 gxf6 17. a4 Rc8 18. Kh1 Qc6 19. Qe2 Nb6 20. f4 Qxc3 21. fxe5 fxe5 22. Qh5 Nd7 23. Rab1 b6 24. Qg5 h6 25. Qh4 Qd2 26. Rf2 Qg5 27. Qxg5 hxg5 28. Ne1 Rc4 29. Rd2 Ke7 30. Rbd1 Rc6 31. Bf1 Bg4 32. Bb5 Rc7 33. Be2 Bxe2 34. Rxe2 Rc4 35. Ng2 Nc5 36. Ne3 Rxe4 37. Nf5+ Ke6 38. Rf2 d5 39. Ng7+ Kd6 40. Rf6+ Ne6 41. Rxf7 Nxg7 42. Rxg7 Re2 43. Rg6+ Kc5 44. Rxg5 Rexh2+ 0-1

[Event "Cheliabinsk-ch"]
[Site "Cheliabinsk"]
[Date "2011.01.18"]
[Round "4"]
[White "Bashkov, Viacheslav"]
[Black "Pleshakov, Anton"]
[Result "1/2-1/2"]
[WhiteElo "2307"]
[BlackElo "2054"]
[PlyCount "114"]
[EventDate "2011.01.13"]
[EventType "swiss"]
[EventRounds "9"]
[EventCountry "RUS"]
[SourceTitle "EXT 2012"]
[Source "ChessBase"]
[SourceDate "2011.11.24"]
[SourceVersion "1"]
[SourceVersionDate "2011.11.24"]
[SourceQuality "1"]

1. d4 d5 2. c4 e6 3. Nf3 Nf6 4. g3 c6 5. Bg2 Nbd7 6. Nbd2 Be7 7. 0-0 0-0 8. Qc2 Qc7 9. e4 dxe4 10. Nxe4 Nxe4 11. Qxe4 Nf6 12. Qe2 c5 13. dxc5 Bxc5 14. Bg5 Nd7 15. Rfd1 e5 16. Bd2 a5 17. b3 f6 18. a3 Be7 19. Nd4 Nc5 20. Nb5 Qb8 21. b4 axb4 22. Bxb4 Be6 23. Bd5 Bf7 24. f4 b6 25. Bxa8 Qxa8 26. fxe5 fxe5 27. Nd6 Bg6 28. Bxc5 bxc5 29. Qxe5 Bf6 30. Qxc5 Bxa1 31. Rxa1 Qf3 32. Qd5+ Qxd5 33. cxd5 Rd8 34. Nc4 Rxd5 35. a4 Rc5 36. Ne3 Ra5 37. Nc4 Rc5 38. Ne3 Ra5 39. Nd1 Kf7 40. Kf2 Ke6 41. Nc3 Kd6 42. Rd1+ Kc5 43. Rd5+ Kb4 44. Rxa5 Kxa5 45. Ke3 Kb4 46. Kd4 Bf7 47. h4 h6 48. Ne4 Kxa4 49. Nd6 Bh5 50. Nf5 g5 51. Nxh6 gxh4 52. gxh4 Kb5 53. Ng8 Kc6 54. Ke5 Bd1 55. Nf6 Kc7 56. Ke6 Kd8 57. Kf7 Be2 1/2-1/2

[Event "Cheliabinsk Postovalov Memorial 5th"]
[Site "Cheliabinsk"]
[Date "2011.01.09"]
[Round "8"]
[White "Pleshakov, Anton"]
[Black "Pleshakov, Kirill"]
[Result "1/2-1/2"]
[WhiteElo "2054"]
[BlackElo "1982"]
[PlyCount "87"]
[EventDate "2011.01.06"]
[EventType "swiss"]
[EventRounds "9"]
[EventCountry "RUS"]
[SourceTitle "CBM 140 Extra"]
[Source "ChessBase"]
[SourceDate "2011.03.01"]
[SourceVersion "1"]
[SourceVersionDate "2011.03.01"]
[SourceQuality "1"]

1. e4 c5 2. Nf3 Nc6 3. c3 d5 4. exd5 Qxd5 5. d4 Bg4 6. Be2 0-0-0 7. Be3 e6 8. h3 Bh5 9. 0-0 Nf6 10. Nbd2 Bg6 11. c4 Qd7 12. dxc5 Nb4 13. Ne5 Qc7 14. Nxg6 hxg6 15. a3 Nd3 16. b4 Nh5 17. Qb3 Nhf4 18. Bxd3 Rxd3 19. Bxf4 Rxb3 20. Bxc7 Rd3 21. Bf4 e5 22. Be3 f5 23. Nf3 e4 24. Ne5 Rc3 25. g3 Rxh3 26. Nxg6 Rxe3 27. fxe3 Rxg3+ 28. Kf2 Rxg6 29. Rh1 Be7 30. Rad1 Ra6 31. Rh8+ Kc7 32. Rh7 Bf6 33. Rd6 Rxd6 34. cxd6+ Kxd6 35. Kg3 Ke5 36. Rh8 g5 37. Rb8 b6 38. c5 bxc5 39. bxc5 f4+ 40. Kf2 Kd5 41. Rf8 fxe3+ 42. Kxe3 Bd4+ 43. Ke2 Kxc5 44. Rf5+ 1/2-1/2

[Event "Cheliabinsk Postovalov Memorial 5th"]
[Site "Cheliabinsk"]
[Date "2011.01.09"]
[Round "7"]
[White "Volozhanin, Boris"]
[Black "Pleshakov, Anton"]
[Result "0-1"]
[WhiteElo "1853"]
[BlackElo "2054"]
[PlyCount "58"]
[EventDate "2011.01.06"]
[EventType "swiss"]
[EventRounds "9"]
[EventCountry "RUS"]
[SourceTitle "CBM 140 Extra"]
[Source "ChessBase"]
[SourceDate "2011.03.01"]
[SourceVersion "1"]
[SourceVersionDate "2011.03.01"]
[SourceQuality "1"]

1. f4 d5 2. Nf3 c5 3. e3 Bf5 4. d4 e6 5. Ne5 a6 6. Be2 Nf6 7. 0-0 Bd6 8. c4 0-0 9. Nc3 Nc6 10. g4 Be4 11. g5 Ne8 12. Nxe4 dxe4 13. Nxc6 bxc6 14. Qc2 f5 15. b3 cxd4 16. exd4 c5 17. Bb2 cxd4 18. Bh5 Bc5 19. Kh1 Nc7 20. a3 a5 21. Rad1 e5 22. h4 exf4 23. Rxf4 Ne6 24. Rff1 d3 25. Qh2 Bd4 26. Bxd4 Qxd4 27. Qd2 g6 28. Rg1 e3 29. Qxd3 Qxh4+ 0-1

[Event "Cheliabinsk Postovalov Memorial 5th"]
[Site "Cheliabinsk"]
[Date "2011.01.06"]
[Round "1"]
[White "Lukin, Vasily"]
[Black "Pleshakov, Anton"]
[Result "0-1"]
[WhiteElo "1753"]
[BlackElo "2054"]
[PlyCount "112"]
[EventDate "2011.01.06"]
[EventType "swiss"]
[EventRounds "9"]
[EventCountry "RUS"]
[SourceTitle "CBM 140 Extra"]
[Source "ChessBase"]
[SourceDate "2011.03.01"]
[SourceVersion "1"]
[SourceVersionDate "2011.03.01"]
[SourceQuality "1"]

1. d4 d5 2. c4 e6 3. Nf3 Nf6 4. Bg5 Be7 5. e3 c6 6. Nbd2 Nbd7 7. Be2 0-0 8. 0-0 h6 9. Bh4 dxc4 10. Nxc4 a6 11. Nce5 Nd5 12. Nxd7 Bxd7 13. Bxe7 Qxe7 14. Ne5 Rac8 15. Rc1 Rfd8 16. a3 c5 17. Bf3 Bb5 18. Re1 Nb6 19. Bh5 g6 20. Qg4 Qg5 21. Nxg6 fxg6 22. Qxe6+ Kg7 23. Qxb6 gxh5 24. Qxb7+ Kh8 25. Qe4 Re8 26. h4 Rxe4 27. hxg5 hxg5 28. Rxc5 Rxc5 29. dxc5 Rc4 30. b4 Rc3 31. Ra1 Kg7 32. Kh2 Kf6 33. e4 g4 34. a4 Bc6 35. b5 axb5 36. a5 Bxe4 37. a6 Rxc5 38. a7 Rc8 39. Ra6+ Kg5 40. Rb6 Rc2 41. Rxb5+ Kf4 42. g3+ Kf3 43. Rf5+ Bxf5 44. a8Q+ Be4 45. Qf8+ Ke2 46. Qf4 Bf3 47. Qe3+ Kf1 48. Qd3+ Re2 49. Qd4 Re4 50. Qd2 Re2 51. Qd4 Be4 52. Qc5 Bc2 53. Qd4 Bb3 54. Qc5 Bd1 55. Qd4 Rxf2+ 56. Qxf2+ Kxf2 0-1